Alternatívne formy taxislužby na slovenskom trhu bakalárska práca

Enregistré dans:
Détails bibliographiques
Auteur principal: Labancová, Natália
Collectivité auteur: Obchodná fakulta EU. Katedra služieb a cestovného ruchu - zrušené
Autres auteurs: Kóňa, Jakub, 1995-
Format: Livre
Langue:slovaque
Publié: Bratislava 2021
Tags: Ajouter un tag
Pas de tags, Soyez le premier à ajouter un tag!

MARC

LEADER 00000nbm a2200000 4500
001 0276006
005 20220203120235.4
041 0 |a slo 
044 |a SK 
245 1 0 |a Alternatívne formy taxislužby na slovenskom trhu  |b bakalárska práca  |c Natália Labancová ; školiteľ: Jakub Kóňa 
264 1 |a Bratislava  |c 2021 
300 |a 56 s. 
100 1 |a Labancová, Natália 
700 1 |a Kóňa, Jakub, 1995- 
710 2 |a Obchodná fakulta EU. Katedra služieb a cestovného ruchu - zrušené